Ce Pokémon vient de quelle région ? - Statistiques

Statistiques générales
  • Ce quiz a été pris 56 fois
  • Le résultat moyen est 71 sur 95
Statistiques - réponses
Hint Réponse % Correct
Grodrive Sinnoh
84%
Motisma Sinnoh
84%
Gardevoir Hoenn
81%
Metalosse Hoenn
81%
Pharamp Johto
81%
Maraiste Johto
81%
Ectoplasma Kanto
81%
Dracolosse Kanto
81%
Mewtwo Kanto
81%
Simiabraz Sinnoh
81%
Lucario Sinnoh
81%
Gallame Sinnoh
81%
Porygon-Z Sinnoh
81%
Lugulabre Unys
81%
Wushours Galar
79%
Kaimorse Hoenn
79%
Posipi Hoenn
79%
Deoxys Hoenn
79%
Tyranocif Johto
79%
Florizarre Kanto
79%
Ronflex Kanto
79%
Insecateur Kanto
79%
Dimoret Sinnoh
79%
Cresselia Sinnoh
79%
Malamandre Alola
77%
Roublenard Galar
77%
Galeking Hoenn
77%
Tenefix Hoenn
77%
Porygon 2 Johto
77%
Cizayox Johto
77%
Farfuret Johto
77%
Raikou Johto
77%
Iguolta Kalos
77%
Trousselin Kalos
77%
Exagide Kalos
77%
Xerneas Kalos
77%
Léviator Kanto
77%
Etouraptor Sinnoh
77%
Pachirisu Sinnoh
77%
Lançargot Unys
77%
Keldeo Unys
77%
Bazoucan Alola
74%
Mimiqui Alola
74%
Lougaroc Alola
74%
Sorcilence Galar
74%
Jungko Hoenn
74%
Libegon Hoenn
74%
Tropius Hoenn
74%
Scarhino Johto
74%
Simularbre Johto
74%
Amphinobi Kalos
74%
Flambusard Kalos
74%
Muplodocus Kalos
74%
Feunard Kanto
74%
Malvalame Paldea
74%
Tag-Tag Paldea
74%
Vrombotor Paldea
74%
Garde de fer Paldea
74%
Crocorible Unys
74%
Darumacho Unys
74%
Pashmilla Unys
74%
Golemastoc Unys
74%
Corvaillus Galar
72%
Wimessir Galar
72%
Tarpaud Johto
72%
Nymphali Kalos
72%
Forgelina Paldea
72%
Majaspic Unys
72%
Archeduc Alola
70%
Oratoria Alola
70%
Rubombelle Alola
70%
Sucreine Alola
70%
Zeraora Alola
70%
Békaglaçon Galar
70%
Monthracite Galar
70%
Farfurex Hisui
70%
Porygon Kanto
70%
Tartard Kanto
70%
Terraiste Paldea
70%
Craparoi Paldea
70%
Miraidon Paldea
70%
Pyrax Unys
70%
Amaama Alola
67%
Gorythmic Galar
67%
Hastacuda Galar
67%
Hexadron Galar
67%
Dragmara Kalos
67%
Miascarade Paldea
67%
Superdofin Paldea
67%
Famignol Paldea
67%
Karaclée Unys
67%
Paragruel Hisui
65%
Mistigrix Kalos
65%
Ursaking Hisui
60%
Cerbyllin Hisui
56%
Aucun quiz correspondant
Distribution des résultats
% des personnes avec chaque résultat
Percentile par nombre de réponses
Votre historique - résultats
Vous n’avez pas pris ce quiz